Brookfield Construction (UK) Limited (formerly Multiplex Constructions (UK) Limited v Mott MacDonald Limited (Record no. 82725)

MARC details
000 -LEADER
fixed length control field 01174cad a22001935a 4500
001 - CONTROL NUMBER
control field L151188
008 - FIXED-LENGTH DATA ELEMENTS--GENERAL INFORMATION
fixed length control field 101006e2010 xxk 000 0 eng d
035 ## - SYSTEM CONTROL NUMBER
System control number (Sirsi) u151188
041 0# - LANGUAGE CODE
Language code of text/sound track or separate title eng
245 00 - TITLE STATEMENT
Title Brookfield Construction (UK) Limited (formerly Multiplex Constructions (UK) Limited v Mott MacDonald Limited
Medium [electronic resource]
260 ## - PUBLICATION, DISTRIBUTION, ETC.
Date of publication, distribution, etc. 2010
520 ## - SUMMARY, ETC.
Summary, etc. [2010] EWHC 659 (TCC), 31 March 2010. Concerns the development of the National Sports Stadium at Wembley, England. The claimant, MPX, claimed damages of over £200m against the defendant, Mott, in respect of engineering consultancy services provided in connection with the project. Judgment. Scope of the proposed sub-trial in 2011. The way forward.
590 ## - LOCAL NOTE (RLIN)
Local note KA
650 24 - SUBJECT ADDED ENTRY--TOPICAL TERM
Topical term or geographic name entry element Brookfield Construction (UK) Limited (formerly Multiplex Constructions (UK) Limited v Mott MacDonald Limited
651 #4 - SUBJECT ADDED ENTRY--GEOGRAPHIC NAME
Geographic name England and Wales
Chronological subdivision 1543-
690 ## - LOCAL SUBJECT ADDED ENTRY--TOPICAL TERM (OCLC, RLIN)
Topical term or geographic name as entry element BUILDING AND CONSTRUCTION-PROJECTS
856 48 - ELECTRONIC LOCATION AND ACCESS
Uniform Resource Identifier <a href="https://www.bailii.org/cgi-bin/markup.cgi?doc=/ew/cases/EWHC/TCC/2010/659.html&query=mott+and+macdonald+and+brookfield&method=boolean">https://www.bailii.org/cgi-bin/markup.cgi?doc=/ew/cases/EWHC/TCC/2010/659.html&query=mott+and+macdonald+and+brookfield&method=boolean</a>
Public note View the law report free of charge at www.bailii.org
942 ## - ADDED ENTRY ELEMENTS (KOHA)
Suppress in OPAC 0
Holdings
Withdrawn status Lost status Source of classification or shelving scheme Damaged status Not for loan Home library Current library Shelving location Date acquired Total Checkouts Full call number Barcode Date last seen Copy number Price effective from Koha item type
    Dewey Decimal Classification     Virtual Virtual Online 06/10/2010   ONLINE PUBLICATION 151188-2001 06/08/2019 1 06/08/2019 Law report